000 00623nam a22001697a 4500
003 NUST
082 _a629.8
100 _aFaisal, Muhammad
_9124081
245 _aModeling and analysis of different control techniques on industrial robotic three degree of freedom crane /
_clMuhammad Faisal
264 _aIslamabad:, .
_b SMME- NUST.
_c2015.
300 _axi,75p.;
_b Soft Copy
_c30cm
500 _aHardcover
650 _aMS Robotics and Intelligent Machine Engineering
_9119486
700 _aSupervisor : Dr. Mohsin Jamil
_9120101
856 _uhttp://10.250.8.41:8080/xmlui/handle/123456789/42108
942 _2ddc
_cTHE
999 _c610051
_d610051